ՀՀ Գիտությունների ազգային ակադեմիայի հիմնարար գիտական գրադարան  =   Fundamental Scientific Library of NAS RA

Կարմիր աստղ / (Record no. 453718)

MARC details
000 -LEADER
fixed length control field 00756nam a2200217 a 4500
001 - CONTROL NUMBER
control field 000532296
003 - CONTROL NUMBER IDENTIFIER
control field AM-YEHGA
005 - DATE AND TIME OF LATEST TRANSACTION
control field 20250618075324.0
008 - FIXED-LENGTH DATA ELEMENTS--GENERAL INFORMATION
fixed length control field 070417|1919 ai | |||||||||||||arm|d
040 ## - CATALOGING SOURCE
Original cataloging agency AM-YeHGA
041 1# - LANGUAGE CODE
Language code of text/sound track or separate title arm
090 ## - LOCALLY ASSIGNED LC-TYPE CALL NUMBER (OCLC); LOCAL CALL NUMBER (RLIN)
-- 456697
245 00 - TITLE STATEMENT
Title Կարմիր աստղ /
Statement of responsibility, etc. Թարգմ.՝ Գ. Հայկունի.
250 ## - EDITION STATEMENT
Edition statement 2-րդ հրատ.
260 ## - PUBLICATION, DISTRIBUTION, ETC.
Place of publication, distribution, etc. Մօսկւա :
Name of publisher, distributor, etc. Հայաստ. կոմ. կուս. կենտր. կոմ. հրատ.,
Date of publication, distribution, etc. 1919.
300 ## - PHYSICAL DESCRIPTION
Extent 8 էջ ;
Dimensions 18 սմ.
440 #0 - SERIES STATEMENT/ADDED ENTRY--TITLE
Title Հայաստանի կօմունիստական կուսակցութիւն
Volume/sequential designation № 19
650 14 - SUBJECT ADDED ENTRY--TOPICAL TERM
Topical term or geographic name entry element Զինված ուժեր
700 1# - ADDED ENTRY--PERSONAL NAME
Personal name Հայկունի, Գուրգեն Սարգսի,
Dates associated with a name 1889-1966
Relator term թարգմ.
Relationship trl
9 (RLIN) 1407
942 ## - ADDED ENTRY ELEMENTS (KOHA)
Source of classification or shelving scheme Universal Decimal Classification
Koha item type Գրքեր / Books
Holdings
Withdrawn status Lost status Damaged status Not for loan Collection Home library Current library Date acquired Total checkouts Full call number Barcode Date last seen Price effective from Koha item type Public note
        Kusikian Individual Collection Fundamental Scientific Library Fundamental Scientific Library 23/10/2020   Կուս/1269 FL0629348 23/10/2020 23/10/2020 Գրքեր / Books ILL Non-Circ
        Kusikian Individual Collection Fundamental Scientific Library Fundamental Scientific Library 27/09/2021   Կուս/880 FL0654365 27/09/2021 27/09/2021 Գրքեր / Books ILL Non Circ


ՀՀ ԳԱԱ հիմնարար գիտական գրադարան
ՀՀ,Երևան 0019
Մարշալ Բաղրամյան 24/6
հեռախոս:(374-10) 52-47-50
Հետադարձ կապ

All site content, except where otherwise noted, is licensed under a
Creative Commons License